000 00460nam a2200193Ia 4500
008 151121s9999||||xx |||||||||||||| ||und||
082 _a320/ROY
082 _bHNW-2875
100 _aRoy M। N।
245 4 _aThe Alternativ
260 _b"Vora & Co Pub। Pvt। Ltd।, Bombay"
260 _c--
300 _a83
600 _aRoy M। N।
630 _aThe Alternativ
700 _aRoy M। N।
730 _aThe Alternativ
942 _cBOOK
999 _c1211678
_d1211675